000 01461nam a22003977a 4500
003 CHAP
005 20220329140729.0
008 971013s1978 se r 00010 eng d
010 _a56694
011 _a57666
035 _a61821
040 _cCHAP
082 0 4 _a574
_bZ8 1978
100 0 0 _aZumer-Linder, Majda.
_9124288
245 1 _aBiology, ecology and environmental sciences in Sweden
_b: a directory of research and educational organizations-departments
260 _aUppsala :
_bSwedish University of Agricultural Science,
_c1978
300 _a110 p.
490 _aEcological studies
_v; 2
590 _aBATCH-UPD
_b10
_c20130110
_lUCH01
_h0426
590 _aBATCH-UPD
_b10
_c20130110
_lUCH01
_h2338
590 _aBATCH-UPD
_b10
_c20130410
_lUCH01
_h0101
590 _aBATCH-UPD
_b10
_c20130410
_lUCH01
_h1627
590 _aBATCH-UPD
_b10
_c20130914
_lUCH01
_h0634
590 _aBATCH-UPD
_b10
_c20130914
_lUCH01
_h2142
590 _aCONVERSION
_b10
_c20130109
_lUCH01
_h1330
650 1 4 _aBiología
_xEstudio y enseñanza
_xDirectorios.
_912783
650 1 4 _aBiología
_xInvestigación
_xDirectorios.
_912788
650 1 4 _aEcología
_xEstudio y enseñanza
_xDirectorios.
_935143
650 1 4 _aMedio ambiente.
_974065
650 1 4 _aSuecia
_xInvestigación.
_9110189
700 0 _aLindstrom, Jeannette.
_966966
830 0 _aEcological studies
_v; 2
_935133
901 _aBK
942 _cLIBRO
949 _a574 Z8 1978
_bBC
_cC
_d33724000494241
_eC
_h50168
_i61821
_mD
_si
999 _c56694
_d56694